Intraocular Inflammation and Uveitis (Record no. 7450)

MARC details
000 -LEADER
fixed length control field 00493nam a22001817a 4500
003 - CONTROL NUMBER IDENTIFIER
control field OSt
005 - DATE AND TIME OF LATEST TRANSACTION
control field 20211111123702.0
008 - FIXED-LENGTH DATA ELEMENTS--GENERAL INFORMATION
fixed length control field 211111b ||||| |||| 00| 0 eng d
020 ## - INTERNATIONAL STANDARD BOOK NUMBER
International Standard Book Number 9781615253852
040 ## - CATALOGING SOURCE
Transcribing agency NLM
082 ## - DEWEY DECIMAL CLASSIFICATION NUMBER
Classification number WW100
Item number 18a 2013
245 ## - TITLE STATEMENT
Title Intraocular Inflammation and Uveitis
260 ## - PUBLICATION, DISTRIBUTION, ETC. (IMPRINT)
Place of publication, distribution, etc. San Francisco
Name of publisher, distributor, etc. American Academy of Ophthalmology
Date of publication, distribution, etc. 2013
300 ## - PHYSICAL DESCRIPTION
Extent xii,372p
Other physical details ill; (some col)
Dimensions 25
504 ## - BIBLIOGRAPHY, ETC. NOTE
Bibliography, etc includes index
650 ## - SUBJECT ADDED ENTRY--TOPICAL TERM
Topical term or geographic name as entry element Ophthalmology
9 (RLIN) 338
942 ## - ADDED ENTRY ELEMENTS (KOHA)
Source of classification or shelving scheme Other/Generic Classification Scheme
Koha item type Book
Holdings
Withdrawn status Lost status Source of classification or shelving scheme Damaged status Not for loan Home library Current library Date acquired Source of acquisition Inventory number Total Checkouts Full call number Barcode Date last seen Price effective from Koha item type
    Other/Generic Classification Scheme     MUST Main Library MUST Main Library 11/11/2021 Purchase 2019/41132   WW100 18a 2013 2021-1656 11/11/2021 11/11/2021 Book